| 000 | 00575nam a2200205Ia 4500 | ||
|---|---|---|---|
| 005 | 20250508163546.0 | ||
| 008 | 008 250505s9999 xx 000 0 eng d | ||
| 037 | _aTextBook | ||
| 040 |
_aFEDL _beng _cFEDL |
||
| 041 |
_aeng _2eng |
||
| 084 |
_a370.19, RUG _qFEDL |
||
| 100 | _aRugg Harold | ||
| 245 | 0 | _aSocial foundations of education | |
| 260 |
_aEnglewood Cliffs _b Prentice-Hall _c1955 |
||
| 300 | _ax,771p. | ||
| 490 | _aPrentice-Hall Education Series | ||
| 650 | _aEducation-Sociology | ||
| 942 |
_cTB _h370.19, RUG |
||
| 999 |
_c1384080 _d1384080 |
||